000
00337 a2200157 4500
001
179649
020
_a
040
_c
Magnum
100
_a
Rios, Rosana
240
1
0
_a
Lobo-guara, o solitario
_l
por
245
1
0
_a
Lobo-guara, o solitario
362
0
_a
1899
440
1
_a
Scipione
697
_a
MAGNITO: IJ/PARADIDATICO
942
_c
BK
999
_c
179649
_d
179649